Most Listened Song per Artist/Band in Spotify Quiz 1 - Statistics

General Stats
  • This quiz has been taken 35 times
  • The average score is 5 of 10
Answer Stats
Hint Frequency Answer % Correct
Queen 2.4 B Bohemian Rhapsody
91%
Michael Jackson 1.7 B Billie Jean
78%
ABBA 1.2 B Dancing Queen
75%
Ed Sheeran 3.8 B Shape of You
72%
Britney Spears 1.2 B Toxic
66%
Whitney Houston 1.2 B I Wanna Dance with Somebody
50%
Ariana Grande 2.2 B 7 Rings
31%
Beyonce 1.5 B Halo
25%
The Beatles 1.3 B Here Comes the Sun
25%
Taylor Swift 2.1 B Cruel Summer
22%
No matching quizzes found
Score Distribution
Percent of People with Each Score
Percentile by Number Answered
Your Score History
You have not taken this quiz